दुश्मनः (Record no. 15225)

MARC details
000 -LEADER
fixed length control field 01126nam a22002537a 4500
005 - DATE AND TIME OF LATEST TRANSACTION
control field 20080829101324.0
008 - FIXED-LENGTH DATA ELEMENTS--GENERAL INFORMATION
fixed length control field 080829t xxu||||| |||| 00| d hin d
010 ## - LIBRARY OF CONGRESS CONTROL NUMBER
LC control number HIN-84127
020 ## - INTERNATIONAL STANDARD BOOK NUMBER
Terms of availability 35.00
035 ## - SYSTEM CONTROL NUMBER
System control number HN-56473
037 ## - SOURCE OF ACQUISITION
Stock number DBAD / PUB
040 ## - CATALOGING SOURCE
Original cataloging agency DPL
Language of cataloging HN
082 ## - DEWEY DECIMAL CLASSIFICATION NUMBER
Classification number 822
100 ## - MAIN ENTRY--PERSONAL NAME
Personal name गोर्की, मक्सिम
245 ## - TITLE STATEMENT
Title दुश्मनः
Statement of responsibility, etc मक्सिम गोर्की
Remainder of title (नाटक) /
246 ## - VARYING FORM OF TITLE
Title proper/short title Dushmana
Remainder of title by Maxim Gorky
260 ## - PUBLICATION, DISTRIBUTION, ETC. (IMPRINT)
Place of publication, distribution, etc लखनऊ
Name of publisher, distributor, etc परिकल्पना प्रकाशन
Date of publication, distribution, etc 2004
270 ## - ADDRESS
Address जनचेतना, डी-68, निरालानगर
City लखनऊ
Postal code 226020
300 ## - PHYSICAL DESCRIPTION
Extent 97पृ
Dimensions 22सेमी (अजिल्द)
650 ## - SUBJECT ADDED ENTRY--TOPICAL TERM
Topical term or geographic name as entry element रूसी नाटक
General subdivision हिन्दी अनुवाद
Geographic subdivision 20वीं सदी
650 ## - SUBJECT ADDED ENTRY--TOPICAL TERM
Topical term or geographic name as entry element Russian play
General subdivision translations into Hindi
Geographic subdivision 20th century
942 ## - ADDED ENTRY ELEMENTS (KOHA)
Source of classification or shelving scheme Dewey Decimal Classification
Koha item type Hindi Books
Classification part 822
Call number suffix मक्सिम
Holdings
Withdrawn status Lost status Damaged status Not for loan Collection code Home library Current library Date acquired Source of acquisition Cost, normal purchase price Total Checkouts Full call number Barcode Date last seen Copy number Cost, replacement price Price effective from Koha item type
      Not For Loan Non-fiction D.B.Act.Division D.B.Act.Division 29/08/2008 DBAD / PUB 35.00   822 मक्सिम HN-56473 15/09/2008 1 35.00 15/09/2008 Hindi Books

© Delhi Public Library
Hit Counter
free hit counter